000
00266nam a22000977a 4500
999
_c
11516
_d
11516
008
190531b ||||| |||| 00| 0 eng d
020
_a
9788183505994
100
_a
Arora Preeti
_9
7125
245
_a
Computer Science with C++ -XII
260
_a
New Delhi
_b
Sultan Chand
_c
2018